000 00355nam a22001097a 4500
008 230626b xxu||||| |||| 00| 0 eng d
082 _a328.31
_bIPU 2005
245 _aThe Role of Parlimaents in the National Reconciliation Process in Africa
260 _aBurundi
_bInter-Parliamentary Union and Parliament of Burundi
_c2005
300 _a79p
942 _2ddc
_cBK
999 _c2642
_d2642